LEADER 00936nam0-2200325---450- 001 990009346250403321 005 20110419142601.0 010 $a978-88-8440-575-3 035 $a000934625 035 $aFED01000934625 035 $a(Aleph)000934625FED01 035 $a000934625 100 $a20110419d2009----km-y0itay50------ba 101 0 $aita 102 $aIT 105 $aa-------001yy 200 1 $a<>audio per la televisione$ecaratteristiche percettive, principi fisici e tecnici 210 $aRoma$cGremese$d2009 215 $a170 p.$cill.$d21 cm 225 1 $aMedia manuali$iDigitale & dintorni 610 0 $aTelevisione$aacustica 676 $a620.21$v21$zita 700 1$aScopece,$bLeonardo$0510823 801 0$aIT$bUNINA$gREICAT$2UNIMARC 901 $aBK 912 $a990009346250403321 952 $aXXXI Varie 330$b45666$fFSPBC 959 $aFSPBC 996 $aAudio per la televisione$9767512 997 $aUNINA LEADER 01351nam2-2200397li-450 001 990000231260203316 005 20180312154729.0 010 $a0-8247-8676-9 035 $a0023126 035 $aUSA010023126 035 $a(ALEPH)000023126USA01 035 $a0023126 100 $a2001998101992-------y0itay0103----ba 101 0 $aeng 102 $aUS 200 1 $aDifference equations and inequalities$etheory, methods, and applications$fRavi P. Agarwal 210 $aNew York$cMarcel Dekker$dcopyr. 1992 215 $aXIII, 777 p.$cill.$d23 cm 225 2 $aa series of monographs and textbooks$v155 410 0$10010023065$12001$aa series of monographs and textbooks$vPure and applied mathematics 610 1 $adisequazioni 610 1 $aequazioni differenziali 676 $a515625$9Equazioni alle differenze finite 700 1$aAgarwal,$bRavi P.$041786 801 $aSistema bibliotecario di Ateneo dell' Università di Salerno$gRICA 912 $a990000231260203316 951 $a515 PAMD (155) (A)$b22455/CBS$c515$d00219698 959 $aBK 969 $aSCI 979 $c19981001 979 $c20001110$lUSA01$h1714 979 $c20020403$lUSA01$h1631 979 $aPATRY$b90$c20040406$lUSA01$h1617 979 $aRSIAV7$b90$c20090513$lUSA01$h1020 996 $aDifference equations and inequalities$981742 997 $aUNISA LEADER 00979nam0-2200337li-450 001 990000173850203316 005 20180312154816.0 010 $a90-286-0050-7 035 $a0017385 035 $aUSA010017385 035 $a(ALEPH)000017385USA01 035 $a0017385 100 $a20001109d1980----km-y0itay0103----ba 101 0 $aeng 102 $aNE 200 1 $aStability of elastic systems$fHorst Leipholz 210 $aAlphen aan den Rijn$cSijthoff & Noordhoff$d1980 610 1 $asistemi elastici stabilita 676 $a531.381$9. 700 1$aLeipholz,$bHorst$040561 801 $aSistema bibliotecario di Ateneo dell' Università di Salerno$gRICA 912 $a990000173850203316 951 $a531.381 LEI$b0005155 959 $aBK 969 $aTEC 979 $c19940919 979 $c20001110$lUSA01$h1712 979 $c20020403$lUSA01$h1625 979 $aPATRY$b90$c20040406$lUSA01$h1613 996 $aStabilität elastischer systeme$952053 997 $aUNISA LEADER 02612nas 2200457 n 450 001 990009012320403321 005 20240229084617.0 011 $a1087-0156 035 $a000901232 035 $aFED01000901232 035 $a(Aleph)000901232FED01 035 $a000901232 091 $2CNR$aP 00066671 100 $a20161109a19969999km-y0itaa50------ba 101 0 $aeng 102 $aUS 110 $aauu-------- 200 1 $aNature biotechnology 207 1$a1996- 210 $aNew York (NY)$cNature Pub. Co. 326 $aMensile 430 0$1001000891812$12001$aBio/technology 452 0$12001$aNature biotechnology 530 0 $aNature biotechnology 676 $a660.605 801 0$aIT$bACNP$c20090723 859 4 $uhttp://acnp.cib.unibo.it/cgi-ser/start/it/cnr/dc-p1.tcl?catno=925543&person=false&language=ITALIANO&libr=&libr_th=unina1$zBiblioteche che possiedono il periodico 901 $aSE 912 $a990009012320403321 958 $aBiblioteca Centralizzata. Facoltà di Agraria dell'Università Federico II di Napoli$b1998-2002;$d16(1998)-20(2002);$ePer.Ingl 7/4$fFAGBC 958 $aBiblioteca Interdipartimentale " G.Quagliariello " Dipartimento di biochimica e Biotecnologie mediche e Dipartimento di Biologia e Patologia cellulare e molecolare. Facoltà di Medicina e Chirurgia. Università degli Studi di Napoli "Federico II"$b1996-2002;$fDMBBM 958 $aBiblioteca del Dipartimento di Chimica Organica e Biochimica dell'Università di Napoli Federico II.$b1996-2001;$c1997-2000;$e3$fDCOB 959 $aFAGBC 959 $aDMBBM 959 $aDCOB 996 $aNature biotechnology$9792638 997 $aUNINA AP1 8 $6866-01$aNA087 Biblioteca Centralizzata. Facoltà di Agraria dell'Università Federico II di Napoli$bPer.Ingl 7/4$ev. Università, 100 Palazzo Reale, 80055 Portici (NA)$m081-2539322$m081-7760229$nit AP1 8 $6866-02$aNA175 Biblioteca Interdipartimentale " G.Quagliariello " Dipartimento di biochimica e Biotecnologie mediche e Dipartimento di Biologia e Patologia cellulare e molecolare. Facoltà di Medicina e Chirurgia. Università degli Studi di Napoli "Federico II"$eVia Pansini, 5, 80131 Napoli (NA)$m(081) 7463014$m(081) 7463652$nit AP1 8 $6866-03$aNA233 Biblioteca del Dipartimento di Chimica Organica e Biochimica dell'Università di Napoli Federico II.$b3$eVia Cintia, 80126 Napoli (NA)$m081674322$m081674393$nit AP2 40$aacnp.cib.unibo.it$nACNP Italian Union Catalogue of Serials$uhttp://acnp.cib.unibo.it/cgi-ser/start/it/cnr/df-p.tcl?catno=925543&language=ITALIANO&libr=&person=&B=1&libr_th=unina&proposto=NO